000 00217 a2200097 4500
001 48713
100 _aAtta-ul-Haq Qasmi
245 _aGoro kay Das may
260 _aLondon
_bMaqbool academy
_c
090 _c31626
_d31626
942 _aNUST-CAE
_cM
_c24032
999 _c283786
_d283786